Экономика: учебник и практикум

Chi tiết về thư mục
Tác giả chính: Борисов Е. Ф. Евгений Филиппович
Tóm tắt:Электронная копия печатного издания.
Режим доступа: из корпоративной сети ТПУ
Ngôn ngữ:Tiếng Nga
Được phát hành: Москва, Юрайт, 2013
Phiên bản:6-е изд., перераб. и доп.
Loạt:Электронные учебники издательства "Юрайт"
Бакалавр. Базовый курс
Những chủ đề:
Truy cập trực tuyến:http://www.lib.tpu.ru/fulltext2/m/2014/FN/fn-06.pdf
Định dạng: Điện tử Sách
KOHA link:https://koha.lib.tpu.ru/cgi-bin/koha/opac-detail.pl?biblionumber=258156

MARC

LEADER 00000nlm0a2200000 4500
001 258156
005 20231101233253.0
010 |a 9785991623834 
010 |a 978-5-9692-1413-2 
035 |a (RuTPU)RU\TPU\book\280994 
090 |a 258156 
100 |a 20140423d2013 m y0rusy50 ca 
101 0 |a rus 
102 |a RU 
105 |a y j 000zy 
135 |a vocna---uucaa 
181 0 |a i  
182 0 |a b 
200 1 |a Экономика  |b Электронный ресурс  |e учебник и практикум  |f Е. Ф. Борисов 
203 |a Текст  |c электронный 
205 |a 6-е изд., перераб. и доп. 
210 |a Москва  |c Юрайт  |d 2013 
215 |a 1 Мультимедиа CD-ROM 
225 1 |a Электронные учебники издательства "Юрайт" 
225 1 |a Бакалавр. Базовый курс 
230 |a Мультимедиа ресурсы (10 директорий; 100 файлов; 740MB) 
300 |a Электронная копия печатного издания. 
333 |a Режим доступа: из корпоративной сети ТПУ 
337 |a Pentium 100 MHz, 16 Mb RAM, Windows 95/98/NT/2000, CDROM, SVGA, звуковая карта, Internet Explorer 5.0 и выше. 
606 1 |a Экономическая теория  |2 stltpush  |3 (RuTPU)RU\TPU\subj\26589  |9 50481 
610 1 |a социально-экономические отношения 
610 1 |a микроэкономика 
610 1 |a домашнее хозяйство 
610 1 |a мезоэкономика 
610 1 |a государственный сектор 
610 1 |a макроэкономика 
610 1 |a население 
610 1 |a экономический рост 
610 1 |a национальное хозяйство 
610 1 |a инновационное развитие 
610 1 |a экономические циклы 
610 1 |a безработица 
610 1 |a деловая активность 
610 1 |a инфляция 
610 1 |a государственные финансы 
610 1 |a государственный бюджет 
610 1 |a мировая экономика 
610 1 |a глобальная экономика 
610 1 |a собственность 
610 1 |a заработная плата 
610 1 |a труд 
610 1 |a доходы 
610 1 |a учебники 
610 1 |a практикумы 
610 1 |a CD-ROM 
686 |a У011я73  |v LBC/SL-A  |2 rubbk 
700 1 |a Борисов  |b Е. Ф.  |g Евгений Филиппович 
801 1 |a RU  |b 63413507  |c 20140423 
801 2 |a RU  |b 63413507  |c 20140506  |g RCR 
856 4 |u http://www.lib.tpu.ru/fulltext2/m/2014/FN/fn-06.pdf 
900 |a Экономика 
942 |c CF 
952 |l 8.1